載入...

Essence of corporate strategy /

書目詳細資料
主要作者: Punmpin, Cuno
語言:Undetermined
出版: Bombay : Jaico Publishing House , 1995.
LEADER 00467nam a2200145Ia 4500
001 108397
008 170722s9999 xx 000 0 und d
020 |a 8172243529 
100 |a Punmpin, Cuno 
245 |a Essence of corporate strategy / 
260 |a Bombay :  |b Jaico Publishing House ,  |c 1995. 
300 |a viii, 183  |c 25cms 
942 |c GEN 
999 |c 115160  |d 115160 
952 |0 0  |1 0  |4 0  |6 X_58_N5  |7 0  |8 LC1  |9 162498  |a LIB  |b LIB  |d 2017-08-12  |h LC1  |o X5:8 N5  |p 221044  |r 2017-08-12  |w 2017-08-12  |y GEN